The Furniture industry in India : July 2009.
| Corporate Author: | |
|---|---|
| Format: | Book |
| Published: |
Milan:
Centre for Industrial Studies (CSIL),
2009.
|
| Series: | CSIL : July 2009
|
| Subjects: |
| LEADER | 00504cam a2200157 7i4500 | ||
|---|---|---|---|
| 001 | 0000024236 | ||
| 005 | 20100304090000.0 | ||
| 090 | 0 | 0 | |a P 684.1 |b FUR |
| 110 | 2 | 0 | |a Centre for Industrial Studies (CSIL) |
| 245 | 2 | 4 | |a The Furniture industry in India : |b July 2009. |
| 260 | 0 | 0 | |a Milan: |b Centre for Industrial Studies (CSIL), |c 2009. |
| 300 | # | # | |a 133 p. |
| 440 | 0 | 0 | |a CSIL : July 2009 |
| 650 | 0 | 0 | |a Furniture industry and trade -- |z India |
| 651 | 0 | 0 | |a India |
| 999 | |a B000026416 |b Book |c Products |e Business Information Centre | ||